Zdobywcy Pucharu Niemiec - Statystyki

Ogólne statystyki
  • Ten quiz został rozwiązany 223 razy
  • Średni wynik to 43 z 71
Statystyki odpowiedzi
Sezon Odpowiedź % Poprawnych
2019/20 Bayern Monachium
99%
2018/19 Bayern Monachium
99%
2015/16 Bayern Monachium
99%
2013/14 Bayern Monachium
99%
2012/13 Bayern Monachium
99%
2009/10 Bayern Monachium
99%
2007/08 Bayern Monachium
99%
2005/06 Bayern Monachium
99%
2004/05 Bayern Monachium
99%
2002/03 Bayern Monachium
99%
1999/00 Bayern Monachium
99%
1997/98 Bayern Monachium
99%
1985/86 Bayern Monachium
99%
1983/84 Bayern Monachium
99%
1981/82 Bayern Monachium
99%
1970/71 Bayern Monachium
99%
1968/69 Bayern Monachium
99%
1966/67 Bayern Monachium
99%
1965/66 Bayern Monachium
99%
1956/57 Bayern Monachium
99%
2020/21 Borussia Dortmund
98%
2016/17 Borussia Dortmund
98%
2011/12 Borussia Dortmund
98%
1988/89 Borussia Dortmund
98%
1964/65 Borussia Dortmund
98%
1992/93 Bayer Leverkusen
82%
2022/23 RB Lipsk
69%
2021/22 RB Lipsk
69%
2010/11 Schalke
59%
2001/02 Schalke
59%
2000/01 Schalke
59%
1971/72 Schalke
59%
1986/87 Hamburg
58%
1975/76 Hamburg
58%
1996/97 Stuttgart
51%
1957/58 Stuttgart
51%
1953/54 Stuttgart
51%
2008/09 Werder Brema
51%
2003/04 Werder Brema
51%
1998/99 Werder Brema
51%
1993/94 Werder Brema
51%
1990/91 Werder Brema
51%
1962/63 Werder Brema
51%
1960/61 Werder Brema
51%
2014/15 Wolfsburg
49%
2017/18 Eintracht Frankfurt
48%
1987/88 Eintracht Frankfurt
48%
1980/81 Eintracht Frankfurt
48%
1974/75 Eintracht Frankfurt
48%
1973/74 Eintracht Frankfurt
48%
1994/95 Borussia Monchengladbach
37%
1972/73 Borussia Monchengladbach
37%
1959/60 Borussia Monchengladbach
37%
1982/83 Koln
34%
1977/78 Koln
34%
1976/77 Koln
34%
1967/68 Koln
34%
1991/92 Hannover
27%
1995/96 Kaiserslautern
24%
1989/90 Kaiserslautern
24%
2006/07 Nurnberg
18%
1961/62 Nurnberg
18%
1963/64 TSV Monachium
14%
1979/80 Fortuna Dusseldorf
11%
1978/79 Fortuna Dusseldorf
11%
1955/56 Karlsruher
3%
1954/55 Karlsruher
3%
1969/70 Kickers Offenbach
3%
1952/53 Rot-Weiss Essen
3%
1958/59 Schwarz-Weiss Essen
2%
1984/85 Uerdingen
2%
Nie znaleziono quizów pasujących do podanych kryteriów
Rozkład punktacji
Procent ludzi z każdym wynikiem
Percentyl według liczby udzielonych odpowiedzi
Twoja historia wyników
Nie rozwiązałeś tego quizu